Egyetlen dolog jelenthet veszélyt: a befeléfordulás beszélgetés Grendel Lajos Kossuth-díjas íróval

Bibliographic Details
Main Authors: Gazdag, József, 1977- (ain), Grendel, Lajos, 1948-2018 (Author, uin)
Format: Article
Language:Hungarian
Slovak
PhysicalDescription:Fotogr.
Subjects:

MARC

LEADER 00000nab a2200000 a 4500
001 vtls000689080
003 SK-MaSNL
005 20260318123558.0
008 160314c1999 xo 0 hun
015 |a SNBRB1999/03-07644 
035 |a CLN000041247 
040 |a SNKBUCL  |b slo  |c SNKBUCL  |e AACR2 
041 0 |a slo 
044 |a xo  |c SK 
080 |a 82.09(091)"19"  |2 UDC-MRF-SK2 
080 |a 82(091):894.511 (437.6)"19"  |2 UDC-MRF-SK2 
080 |a 894.511 (437.6)(091)"19"  |2 UDC-MRF-SK2 
100 1 |a Gazdag, József,  |d 1977-  |4 ain  |9 101786 
245 1 0 |a Egyetlen dolog jelenthet veszélyt: a befeléfordulás  |b beszélgetés Grendel Lajos Kossuth-díjas íróval  |c [beszélgetett] J. Gazdag József 
300 |b Fotogr. 
650 0 7 |a literatúra maďarská  |z Slovensko  |x kritika literárna maďarská  |2 snkbucl  |9 1313992 
650 0 7 |a literárna kritika  |2 snkbucl  |9 1138 
700 1 |a Grendel, Lajos,  |d 1948-2018  |4 aut  |4 uin  |9 185584 
773 0 |t Szabad újság  |g Roč. 7, č. 13 (1999), s. 8 
850 |a Slovenská národná knižnica v Martine 
852 |a SNK  |b KIS3GCP 
958 |a HU 
958 |a SK 
958 |a LX 
958 |a RBX 
999 |c 2645281  |d 2647211